Southville International School and Colleges
Your cart is empty.
  • Cart
  • Lists
    Public lists Eva Luna New books Lux_list list_1
    Your lists Log in to create your own lists
  • Log in to your account
  • Your cookies
  • Search history
Southville International School and Colleges
  • Advanced search
  • Recent comments
  • Most popular
  • Libraries

Log in to your account

Log in with GOOGLE


If you do not have an external account, but do have a local account, you can still log in:

  1. Home
  2. MARC view: The Ring.1 /
Normal view MARC view ISBD view

The Ring.1 / (Record no. 368659)

[ view plain ]
MARC details
000 -LEADER
fixed length control field 01102nam a22003137a 4500
003 - CONTROL NUMBER IDENTIFIER
control field 0
005 - DATE AND TIME OF LATEST TRANSACTION
control field 20251117124218.0
008 - FIXED-LENGTH DATA ELEMENTS--GENERAL INFORMATION
fixed length control field 251117b xxu||||| |||| 00| 0 eng d
020 ## - INTERNATIONAL STANDARD BOOK NUMBER
International Standard Book Number 1-59307-054-3
050 ## - LIBRARY OF CONGRESS CALL NUMBER
Classification number PN 6790.J63
Item number R54 1998
100 ## - MAIN ENTRY--PERSONAL NAME
Personal name Suzuki, Koji,
Relator term author.
245 ## - TITLE STATEMENT
Title The Ring.1 /
Statement of responsibility, etc v
246 ## - VARYING FORM OF TITLE
Title proper/short title Ring one
250 ## - EDITION STATEMENT
Edition statement First edition.
260 ## - PUBLICATION, DISTRIBUTION, ETC. (IMPRINT)
Place of publication, distribution, etc Milwaukie, OR :
Name of publisher, distributor, etc Dark Horse Manga,
Date of publication, distribution, etc 1998.
300 ## - PHYSICAL DESCRIPTION
Extent 154 pages :
Other physical details illustrations ;
Dimensions 19 cm.
490 ## - SERIES STATEMENT
Series statement Dark Horse manga series
500 ## - GENERAL NOTE
General note Based on the Japanese horror novel "Ringu" by Koji Suzuki.<br/>Reads from left to right
520 ## - SUMMARY, ETC.
Summary, etc A graphic adaptation of Koji Suzuki’s iconic horror story about a cursed videotape that brings death to viewers seven days after watching it.
546 ## - LANGUAGE NOTE
Language note Translated from the Japanese.
650 ## - SUBJECT ADDED ENTRY--TOPICAL TERM
Topical term or geographic name as entry element Horror comics.
650 ## - SUBJECT ADDED ENTRY--TOPICAL TERM
Topical term or geographic name as entry element Graphic novels.
650 ## - SUBJECT ADDED ENTRY--TOPICAL TERM
Topical term or geographic name as entry element Manga.
700 ## - ADDED ENTRY--PERSONAL NAME
Personal name Takahashi, Hiroshi,
Relator term writer of script.
700 ## - ADDED ENTRY--PERSONAL NAME
Personal name Inagaki, Misao,
Relator term artist.
700 ## - ADDED ENTRY--PERSONAL NAME
Personal name Kokubo, Naomi,
Relator term translator.
700 ## - ADDED ENTRY--PERSONAL NAME
Personal name Schubert, Willie,
Relator term letterer.
942 ## - ADDED ENTRY ELEMENTS (KOHA)
Source of classification or shelving scheme Library of Congress Classification
Koha item type Books
Holdings
Withdrawn status Lost status Source of classification or shelving scheme Damaged status Home library Current library Shelving location Date acquired Source of acquisition Total Checkouts Full call number Barcode Date last seen Date checked out Price effective from Koha item type
    Library of Congress Classification   Luxembourg Library Luxembourg Library Fiction Section 08/01/2025 Donation 1 PN 6790.J63 R54 1998 21503 11/17/2025 11/17/2025 11/17/2025 Books

The Ring.1 /

APA

Suzuki K., Takahashi H., Inagaki M., Kokubo N. & Schubert W. (1998). The Ring.1. Milwaukie, OR: Dark Horse Manga.

Chicago

Suzuki Koji, Takahashi Hiroshi, Inagaki Misao, Kokubo Naomi and Schubert Willie. 1998. The Ring.1. Milwaukie, OR: Dark Horse Manga.

Harvard

Suzuki K., Takahashi H., Inagaki M., Kokubo N. and Schubert W. (1998). The Ring.1. Milwaukie, OR: Dark Horse Manga.

MLA

Suzuki Koji, Takahashi Hiroshi, Inagaki Misao, Kokubo Naomi and Schubert Willie. The Ring.1. Milwaukie, OR: Dark Horse Manga. 1998.

  • Place hold
  • Print
  • Cite
  • Add to your cart (remove)
  • Save record
    BIBTEX Dublin Core MARCXML MARC (non-Unicode/MARC-8) MARC (Unicode/UTF-8) MARC (Unicode/UTF-8, Standard) MODS (XML) RIS
  • More searches
    Search for this title in:
    Other Libraries (WorldCat) Other Databases (Google Scholar) Online Stores (Bookfinder.com) Open Library (openlibrary.org)

Exporting to Dublin Core...

SOUTHVILLE LIBRARY

Southville International School and Colleges Library

1281 Tropical Ave. Cor. Luxembourg St., BF Homes International, Las Pinas City

Tel. No. 8256374 / 252358 Loc. 117/146

Powered by Koha